| 000 | 03888nam a22003377a 4500 | ||
|---|---|---|---|
| 001 | TIGAL 0001 | ||
| 003 | gtcocun | ||
| 005 | 20250923174737.0 | ||
| 006 | a||||gr|||| 00| 0 | ||
| 007 | ta | ||
| 008 | 250923b2015 gt ||||| m||| 00| 0 eng d | ||
| 040 |
_agtcocun _bSPA _cgtcocun _eRDA |
||
| 041 | _aSPA TIGAL 0001 | ||
| 084 | _0TIGAL 0001 | ||
| 100 |
_aMeléndez Chinchilla, Joel Aníbal _eAutor |
||
| 245 |
_aCARACTERIZACIÓN DE LAS DESCARGAS MUNICIPALES DEL ALCANTARILLADO PÚBLICO EN LA CABECERA MUNICIPAL DE SAN PEDRO CARCHÁ, ALTA VERAPAZ/ _cJoel Aníbal Meléndez Chinchilla. _hImpreso |
||
| 264 |
_aCobán, Alta Verapaz: _bUniversidad de San Carlos de Guatemala, Centro Universitario del Norte, Carrera de Ingeniería en Gestión Ambiental Local _c2015 |
||
| 300 |
_a158 p.: _bIlustraciones, gráficas. _c28 cm; |
||
| 300 | _cPDF | ||
| 336 |
_2rdacontenido _aTexto _btxt |
||
| 337 |
_2rdamedio _aComputadora _bn |
||
| 338 |
_2rdasoporte _aCódigo en línea _bcr |
||
| 502 | _eTIGAL 0001 | ||
| 502 |
_aTesis de grado _bCarrera de Ingeniería en Gestión Ambiental Local, _cUniversidad de San Carlos de Guatemala, Centro Universitario del Norte, Carrera de Ingeniería en Gestión Ambiental Local _d2015 _oTIGAL 0001 |
||
| 520 | 1 | 4 | _aEl agua se encuentra en diversas formas en la naturaleza, e influenciada según el ambiente que le rodea, el cual de manera natural o por intervención humana puede alterar sus propiedades y hacerla condicionada de acuerdo al uso. En el municipio de San Pedro Carcha se encuentra el río Cahabón y los ríos Chió y Tzimajil, los cuales son utilizados por la población para verter veintiún drenajes municipales, dos de ellos poseen tratamiento y diecinueve de ellos no poseen ninguno, los cuales en gran parte crean condiciones desagradables y alteran la apariencia de los mismos. Por tal razón, se realizó la caracterización de las descargas del alcantarillado público de la cabecera municipal de San Pedro Carchá, Alta Verapaz, se tomaron como base los reglamentos y propuestas de ley, para la descarga de los contaminantes municipales. Para determinar la carga contaminante de las aguas residuales, se recolectaron muestras simples de los veintiún puntos de descarga de las aguas municipales, así como también de los veintiún drenajes. Seguidamente se analizaron las muestras para determinar los parámetros físicos, químicos y microbiológicos. Como resultado del análisis, se determinó que las aguas residuales provenientes de la red de alcantarillado público de la cabecera municipal no cumplen con los parámetros legislados; se encontró que la relación DBO5/DQO en un promedio de las veintiún descargas es de 1.9, lo que indica que las aguas residuales contienen una cantidad de compuestos de materia orgánica degradable pudiéndose utilizar sistemas de tratamiento bilógicos. Tomando como base esta información, se propuso un tratamiento desde el punto de vista teórico, que consiste en un proceso de neutralización de los altos parámetros encontrados en las aguas analizadas como los coliformes fecales, DBO5, DQO, Fosforo, y Solidos Suspendidos Totales y como información preliminar que sirva de base para futuras investigaciones, y que permita realizar acciones iniciales de manejo y control para mitigar dichos efectos, no sólo en la calidad del agua sino también para la salud de los habitantes del municipio de San Pedro Carchá, A.V. |
| 650 | 1 | 4 |
_2LEMB _aCarchá, Alta Verapaz _xIngeniería en Gestión Ambiental Local _xRío Cahabón _xDrenajes municipales _xContaminantes municipales _xAguas residuales _xMateria orgánica |
| 700 | _eAsesor | ||
| 856 |
_uhttps://drive.google.com/file/d/1TYpRU4_iL2qCqFlkd-N7vhxTSASi75Aj/view _yPDF _zUn ejemplar en línea. |
||
| 942 |
_2ddc _cTES _iTIGAL 0001 _kClasificación _n0 _6TIGAL_0001_000000000000000 |
||
| 999 |
_c2093 _d2093 |
||